000
00223nam a2200097Ia 4500
008
240331s9999 xx 000 0 und d
082
_a
200.042
_b
BAL
100
_a
Balasuriya, T
245
0
_a
Mary and human liberation
942
_c
L
999
_c
797
_d
797